Your mind matters: (Record no. 13072)

000 -LEADER
fixed length control field 00729nam a2200205 a 4500
001 - CONTROL NUMBER
control field :::00010890$&:&@@
003 - CONTROL NUMBER IDENTIFIER
control field OkBaRHE
005 - DATE AND TIME OF LATEST TRANSACTION
control field 20000607103403.0
008 - FIXED-LENGTH DATA ELEMENTS--GENERAL INFORMATION
fixed length control field s1972 j 000 0 eng u
040 ## - CATALOGING SOURCE
Transcribing agency
100 1# - MAIN ENTRY--PERSONAL NAME
Personal name Stott, John R. W.
245 10 - TITLE STATEMENT
Title Your mind matters:
Remainder of title the place of the mind in the Christian life.
260 ## - PUBLICATION, DISTRIBUTION, ETC. (IMPRINT)
Place of publication, distribution, etc Downers Grove, IL., :
Name of publisher, distributor, etc InterVarsity Press
Date of publication, distribution, etc c1972
300 ## - PHYSICAL DESCRIPTION
Extent 64 p. ;
Dimensions 18 cm.
650 ## - SUBJECT ADDED ENTRY--TOPICAL TERM
Topical term or geographic name as entry element Christian Life
General subdivision 1960-
650 ## - SUBJECT ADDED ENTRY--TOPICAL TERM
Topical term or geographic name as entry element Faith and Reason
942 ## - ADDED ENTRY ELEMENTS (KOHA)
Source of classification or shelving scheme
Koha item type Books
Copies
Withdrawn status Full call number Not for loan Shelving location Damaged status Date acquired Date last seen Copy number Price effective from Lost status Koha item type Permanent Location Source of classification or shelving scheme Barcode
 BV 4501.2 .S79 General Stacks 2010-04-142010-04-1412010-04-14 BooksRHEMA Bible Training College 10890
 BV 4501.2 .S79 General Stacks 2010-04-142010-04-1422010-04-14 BooksRHEMA Bible Training College 15238